00299nam a2200121Ia 4500008004100000041000900041082002200050100002800072245003000100260003100130300000800161650000800169230718s9999 xx 000 0 und d aEng. aKPL 8 - A2bPAK-S aPakistan, Supreme Court 0aSupreme court of Pakistan aPakistanbOrient Fabc2018 a626 aLaw